Jacksonville Jaguars Head Coaches - Statistics

General Stats
  • This quiz has been taken 60 times
    45 since last reset
  • The average score is 5 of 8
Answer Stats
Era Hint Answer % Correct
Jacksonville Jaguars 2022-present Doug Pederson
97%
Jacksonville Jaguars 2021 Urban Meyer
87%
Jacksonville Jaguars 1995-2002 Tom Coughlin
79%
Jacksonville Jaguars 2003-2011 Jack Del Rio
77%
Jacksonville Jaguars 2016-2020 Doug Marrone
72%
Jacksonville Jaguars 2013-2016 Gus Bradley
59%
Jacksonville Jaguars 2012 Mike Mularkey
33%
Jacksonville Jaguars 2011* Mel Tucker
28%
No matching quizzes found
Score Distribution
Percent of People with Each Score
Percentile by Number Answered
Your Score History
You have not taken this quiz since the last reset